000 00334 a2200145 4500
082 _a300.72
090 _c898
_d898
100 _aBaker Therese L
245 _aDoing social research
250 _a3rd ed
260 _aLahore
_bAllah Wala Prienters
_c2008
300 _a528 p.
500 _aHardcover
942 _aNBS
_cBK
_k300.72 BAK
999 _c343443
_d343443